[Event "Twente Young Master op-A"]
[Site "Twente"]
[Date "2007.08.10"]
[Round "8"]
[White "Nabuurs, Mart"]
[Black "Vermeend, Joost"]
[Result "1-0"]
[WhiteElo "2151"]
[BlackElo "1886"]
[PlyCount "33"]
[EventDate "2007.08.06"]
[EventType "swiss"]
[EventRounds "9"]
[EventCountry "NED"]
[SourceTitle "EXT 2008"]
[Source "ChessBase"]
[SourceDate "2007.11.25"]
[SourceVersion "1"]
[SourceVersionDate "2007.11.25"]
[SourceQuality "1"]

1. e4 d5 2. exd5 Qxd5 3. Nf3 Bg4 4. Be2 e6 5. d4 Nf6 6. h3 Bh5 7. c4 Qa5+ 8. Nc3 Ne4 9. Qb3 Qb4 10. 0-0 Qxb3 11. axb3 Nf6 12. Nb5 Na6 13. Rxa6 bxa6 14. Nxc7+ Kd8 15. Nxa8 Kc8 16. Bf4 Ne8 17. g4 1-0